Normal view
MARC view
- Beatty, Joy
Entry Personal Name
001 - CONTROL NUMBER
- control field: 96799
003 - CONTROL NUMBER IDENTIFIER
- control field: NUST
005 - DATE AND TIME OF LATEST TRANSACTION
- control field: 20220811094121.0
008 - FIXED-LENGTH DATA ELEMENTS
- fixed length control field: 220811|| aca||aabn | a|a d
040 ## - CATALOGING SOURCE
- Original cataloging agency: NUST
- Transcribing agency: NUST
100 ## - HEADING--PERSONAL NAME
- Personal name: Beatty, Joy
670 ## - SOURCE DATA FOUND
- Source citation: Work cat.: (NUST)0: Wiegers, Karl Eugene, 1953- author. 96798, Software requirements /
